000 00614nam a22002057a 4500
005 20161004125905.0
010 _aENG-116150
020 _a9789382536987
_c225.00
020 _a9382536981
_c225.00
035 _aEN-99682
037 _bDBAD/PUB
082 _aS
100 _aBhattacharjya,Monikuntala
245 _aHow i wish /
_cby Monikuntala Bhattacharjya ; transleted by Puja Rajkumari
260 _aNew Delhi
_bLifi Publications
_c2016
270 _a211,2nd Floor,Gagndeep 12, Rajendra Place
_bNew Delhi
_e110008
300 _a150p.
_c20cm(pbk)
700 _a Puja Rajkumari
942 _2ddc
_cEN
_hS
_mBHA
999 _c103773
_d103773